MARC
| LEADER | 00000cam a2200000 7i4500 | ||
|---|---|---|---|
| 001 | 0000006294 | ||
| 005 | 20031221093000.0 | ||
| 008 | 021119s1978 | ||
| 090 | 0 | 0 | |a BP88.M66 |b F51 |
| 100 | 0 | |a Muhammad Nasir , |e author | |
| 245 | 0 | 0 | |a Fiqh dakwah |c Muhammad Nasir |
| 260 | 2 | |a Kuala Lumpur : |b ABIM , |c 1978 | |
| 300 | |a 322 ms. ; |c 21 sm. | ||
| 501 | |a Teks Jawi | ||
| 650 | 0 | |a Islam | |
| 999 | |a 1000001989 |b Book |c OPEN SHELF (30 DAYS) |e Gong Badak Campus | ||